000
00214 a2200097 4500
001
47341
100
_a
Ballance E
245
_a
The red army of china
260
_a
London
_b
Faber & Faber
_c
090
_c
30378
_d
30378
942
_a
NUST-CAE
_c
M
_c
22645
999
_c
282414
_d
282414